| 000 | 01376nam a2200325Ia 4500 | ||
|---|---|---|---|
| 003 | PE SENCICO BE | ||
| 005 | 20260218163057.0 | ||
| 008 | 200515s9999 xx 000 0 und d | ||
| 020 | _a84-95279-37-1 | ||
| 040 |
_cPE SENCICO BE _aPE SENCICO BE |
||
| 041 | _aspa | ||
| 082 |
_a526.9 _bM26O |
||
| 100 | _aMartínez Marín, Rubén | ||
| 245 | 1 | 0 |
_aTopografía y sistemas de Información / _cRubén Martinez Marín |
| 250 | _a1a ed. | ||
| 260 |
_aMadrid : _bBellisco, _c2000 |
||
| 300 |
_aviii, 238, xxxii páginas : _bilustraciones, gráficos ; _c24 cm. |
||
| 440 |
_aBiblioteca Técnica Universitaria _963 _n5 |
||
| 504 | _aBibliografía: p. [xix]-xxi | ||
| 505 | 0 | _aTeoría general de errores – Observaciones astronómicas – Introducción a la geodesia – Topografía: Metodología – Instrumentación – Fotogrametría: metodología – Sistemas gráficos: CAD aplicado a la cartografía – Modelos digitales del terreno – Sistemas de información geográfica – La topografía en la ingeniería: ejemplos y aplicaciones | |
| 650 | 1 | 0 |
_aTopografía _9245 |
| 650 | 2 | 0 |
_aGeodesia _9246 |
| 650 | 2 | 0 |
_aSistemas de Información Geográfica (SIG) _9247 |
| 650 | 2 | 0 |
_aFotogrametría _9248 |
| 650 | 2 | 0 |
_aInstrumentos de topografía _9249 |
| 650 | 2 | 0 |
_aDiseño asistido por computador _9250 |
| 900 | _a14537 | ||
| 910 | _aacaceresg | ||
| 942 |
_cLIB _2ddc |
||
| 999 |
_c533 _d533 |
||